|
|
|
|
| LEADER |
01046nam a22002772a 4500 |
| 001 |
001303846 |
| 003 |
CZ BrMZK |
| 005 |
20130619094751.0 |
| 007 |
ta |
| 008 |
130619s1971 xr er|||||||||||cze d |
| 015 |
|
|
|a cnb000430850
|
| 035 |
|
|
|a (OCoLC)42158686
|
| 040 |
|
|
|a ABA001
|b cze
|c ABA001
|d ABA001
|d BOA001
|
| 100 |
1 |
|
|a Bernášková, Karla,
|d 1934-
|7 jk01011892
|4 aut
|
| 245 |
1 |
0 |
|a Méthodes mathematiques dans le commerce extérieur /
|c Karla Bernášková, Božena Plchová
|
| 250 |
|
|
|a 1. vyd.
|
| 260 |
|
|
|a Praha :
|b Státní pedagogické nakladatelství,
|c 1971
|
| 300 |
|
|
|a 234 s.
|
| 490 |
1 |
|
|a Učební texty vysokých škol
|
| 700 |
1 |
|
|a Plchová, Božena,
|d 1936-
|7 jk01093458
|4 aut
|
| 830 |
|
0 |
|a Učební texty vysokých škol (SPN)
|0 s
|
| 910 |
|
|
|a BOA001
|b 2-0656.967
|
| 990 |
|
|
|a BK
|
| 991 |
|
|
|b 201306
|
| 996 |
7 |
|
|b 2619625059
|c 2-0656.967
|l Sklad H1
|r Sklad / do 24 hodin
|n 0
|h HS212
|w 001338616
|u 000010
|a 1
|e BOA001
|j MZK50
|s A
|
| 996 |
6 |
|
|b 2619625060
|c 2-0656.967
|l Sklad H1
|r Sklad / do 24 hodin
|n 0
|h HS212
|w 001338616
|u 000020
|a 1
|e BOA001
|j MZK50
|s P
|